00729nam a2200241Ia 450000100060000000300090000600800410001504000130005604000130006904100130008210000200009510000290011524500530014424500450019725000110024226000100025326000090026326000490027230000590032150000510038065000250043165000310045614241IT-RoPAU130308s9999 xx 000 0 und d aIT-RoPAU cIT-RoPAU aFRANCESE aLautman Jacques gCodice Aut. SPICS: 4819 aChronique de la sociologie francaise apres 1945 bScience et Theorie de l'opinion Publique a1a ed. aPARIS bRetz c1981 [1° Ed.:1981 - Ed.Ling.Originale:1981] a"16 p. (prefazione: no ; testo: 16 [pagine: 269-284])" aCronaca della Sociologia Francese Dopo Il 1945 aSAGGI SUI MASS MEDIA eCodice materia Spics: 6111